| 000 | 00753cab a2200253 4500 | ||
|---|---|---|---|
| 001 | WB2907-16 | ||
| 008 | 090401t1993 xxu||||| |||| 00| 0 eng d | ||
| 035 | _a(Sirsi) u54462 | ||
| 041 | _aeng | ||
| 245 | _aRadon death risks | ||
| 260 | _c1993 | ||
| 350 | _a0 | ||
| 490 |
_aWestern Morning News _v16 February 1993, 8(1) |
||
| 520 | _aA team of scientists from the Imperial Cancer Research Fund is updating research to evaluate the health risks of inhaling radon gas. | ||
| 650 |
_aHEALTH AND SAFETY _96244 |
||
| 650 | _aHEALTH HAZARDS | ||
| 650 | _aLUNG CANCERS | ||
| 650 | _aMORTALITY RATES | ||
| 650 | _aRADIATION LEVELS | ||
| 650 | _aRADON GAS | ||
| 690 | _aBUILT ENVIRONMENT-BUILDING STANDARDS | ||
| 942 | _n0 | ||
| 948 | _c04/03/1997 | ||
| 999 |
_c33382 _d33382 |
||